Development through culture : (Record no. 156296)

MARC details
000 -LEADER
fixed length control field 00687nam a22002057a 4500
005 - DATE AND TIME OF LATEST TRANSACTION
control field 20180827155759.0
010 ## - LCCN (DPL NO)
LC control number ENG-123862
020 ## - INTERNATIONAL STANDARD BOOK NUMBER
International Standard Book Number 9789383079209
Terms of availability 150.00
035 ## - SYSTEM CONTROL NUMBER
System control number EN-107394
037 ## - SOURCE OF ACQUISITION
Source of stock number/acquisition DBAD/PUB.
082 ## - DEWEY DECIMAL CLASSIFICATION NUMBER
Classification number 338.954
100 ## - MAIN ENTRY--PERSONAL NAME
Personal name Gurumurthy, S.
245 ## - TITLE STATEMENT
Title Development through culture :
Statement of responsibility, etc by S. Gurumurthy
Remainder of title concept, dynamics, road ahead /
250 ## - EDITION STATEMENT
Edition statement 2nd ed.
260 ## - PUBLICATION, DISTRIBUTION, ETC. (IMPRINT)
Place of publication, distribution, etc Guwahati (Assam)
Name of publisher, distributor, etc Vivekananda Kendra Institute of Culture
Date of publication, distribution, etc 2018
270 ## - ADDRESS
Address Riverside, Uzanbazar, MG Road, Guwa
City Guwahati (Assam)
Postal code 781001
300 v# - PHYSICAL DESCRIPTION
Extent xv,120p.
Dimensions 20cm(pbk.)
500 ## - GENERAL NOTE
General note It includes conclusion and references
942 ## - ADDED ENTRY ELEMENTS (KOHA)
Source of classification or shelving scheme Dewey Decimal Classification
Item type English Books
Call number suffix GUR
Classification part 338.954
Holdings
Withdrawn status Lost status Not for loan Collection code Home library Current library Date acquired Source of acquisition Cost, normal purchase price Full call number Barcode Copy number Cost, replacement price Koha item type
    Not For Loan Non-fiction D.B.Act.Division Bawana 24/08/2018 DBAD/PUB 150.00 338.954 GUR EN-107394 1 150.00 English Books

© Delhi Public Library
Hit Counter
free hit counter